00199nam a2200073Ia 4500008004100000082000800041100002400049245005200073240331s9999 xx 000 0 und d bANA aBalasuriya, T.. tr. 3aAn anthology of Sinhal short stories in English